书目信息 |
| 题名: |
电磁场与电磁波
|
|
| 作者: | 雷虹 , 余恬 , 刘立国 编著 | |
| 分册: | ||
| 出版信息: | 北京 北京邮电大学出版社 2008.06 |
|
| 页数: | 224页 | |
| 开本: | 26cm | |
| 丛书名: | 21世纪高等院校电子类课程系列教材 | |
| 单 册: | ||
| 中图分类: | O441.4 | |
| 科图分类: | ||
| 主题词: | 电磁场--dian ci chang , 电磁波--dian ci bo | |
| 电子资源: | ||
| ISBN: | 978-7-5635-1679-7 | |
| 000 | 01055nam 2200289 450 | |
| 001 | 012009117843 | |
| 005 | 20090917162559.98 | |
| 010 | @a978-7-5635-1679-7@dCNY26.00 | |
| 100 | @a20090917d2008 em y0chiy0120 ea | |
| 101 | 0 | @achi |
| 102 | @aCN@b110000 | |
| 105 | @aa z 000yy | |
| 106 | @ar | |
| 200 | 1 | @a电磁场与电磁波@Adian ci chang yu dian ci bo@f雷虹, 余恬, 刘立国编著@Flei hong,yu tian,liu li guo bian zhu |
| 210 | @a北京@c北京邮电大学出版社@d2008.06 | |
| 215 | @a224页@c图@d26cm | |
| 225 | 2 | @a21世纪高等院校电子类课程系列教材@A21 shi ji gao deng yuan xiao dian zi lei ke cheng xi lie jiao cai |
| 330 | @a本书系统地阐述了电磁场与电磁波的基本理论和方法,内容包括:矢量分析、电磁场的基本规律、静态电磁场等。 | |
| 410 | 0 | @12001 @a21世纪高等院校电子类课程系列教材 |
| 606 | 0 | @a电磁场@Adian ci chang |
| 606 | 0 | @a电磁波@Adian ci bo |
| 690 | @aO441.4@v4 | |
| 701 | 0 | @a雷虹@Alei hong@4编著 |
| 701 | 0 | @a余恬@Ayu tian@4编著 |
| 701 | 0 | @a刘立国@Aliu li guo@4编著 |
| 801 | 0 | @aCN@bQSSK@c20090917 |
| 905 | @b754227-31@dO441.4@eL080@f5 | |
| 电磁场与电磁波/雷虹, 余恬, 刘立国编著.-北京:北京邮电大学出版社,2008.06 |
| 224页:图;26cm.-(21世纪高等院校电子类课程系列教材) |
| ISBN 978-7-5635-1679-7:CNY26.00 |
| 本书系统地阐述了电磁场与电磁波的基本理论和方法,内容包括:矢量分析、电磁场的基本规律、静态电磁场等。 |
| ● |
| 相关链接 |
|
|
|
正题名:电磁场与电磁波
索取号:O441.4/L080
 
预约/预借
| 序号 | 登录号 | 条形码 | 馆藏地/架位号 | 状态 | 备注 |
| 1 | 754227 | 207542275 | 自科库401/401自科库 58排5列5层/ [索取号:O441.4/L080] | 在馆 | |
| 2 | 754228 | 207542284 | 自科库401/401自科库 58排5列5层/ [索取号:O441.4/L080] | 在馆 | |
| 3 | 754229 | 207542293 | 自科二线504/504自科库 50排1列2层/ [索取号:O441.4/L080] | 在馆 | |
| 4 | 754230 | 207542300 | 自科库401/401自科库 58排5列5层/ [索取号:O441.4/L080] | 在馆 | |
| 5 | 754231 | 207542319 | 自科二线504/504自科库 50排1列2层/ [索取号:O441.4/L080] | 在馆 |